Snuff Slipknot Lyrics - Statistiques

Statistiques générales
  • Ce quiz a été pris 99 fois
  • Le résultat moyen est 161 sur 276
Statistiques - réponses
Réponse % Correct
i
98%
a
95%
you
95%
my
93%
in
85%
me
85%
the
80%
and
78%
let
78%
your
78%
be
76%
go
76%
love
76%
so
76%
to
76%
all
73%
hear
73%
if
73%
is
73%
skin
73%
can
71%
just
71%
secrets
71%
know
68%
away
66%
care
66%
for
66%
before
63%
heart
63%
never
63%
with
63%
Bury
61%
dark
61%
run
61%
too
61%
ever
59%
again
56%
what
54%
can't
51%
lips
51%
come
49%
innocence
49%
like
49%
soul
49%
still
49%
there
49%
camouflage
46%
hate
46%
it
46%
kiss
46%
of
46%
cage
44%
destroy
44%
every
44%
have
44%
into
44%
letters
44%
press
44%
that
44%
then
44%
was
44%
hope
41%
ago
39%
alone
39%
arround
39%
could
39%
don't
39%
feels
39%
lie
39%
not
39%
pity
39%
rage
39%
sins
39%
when
39%
air
37%
angels
37%
cannot
37%
control
37%
deliver
37%
end
37%
isn't
37%
leave
37%
long
37%
saint
37%
yourself
37%
any
34%
change
34%
couldn't
34%
enough
34%
fight
34%
i'm
34%
keep
34%
life
34%
spit
34%
them
34%
think
34%
without
34%
against
32%
break
32%
but
32%
cherish
32%
clear
32%
face
32%
help
32%
parts
32%
ressembles
32%
savor
32%
very
32%
claimed
29%
friend
29%
hurt
29%
made
29%
needed
29%
out
29%
same
29%
save
29%
supposed
29%
taken
29%
will
29%
apart
27%
breath
27%
death
27%
deserve
27%
fate
27%
ooh
27%
refused
27%
smile
27%
stones
27%
only
24%
ripped
24%
weren't
24%
wish
24%
light
22%
oh
22%
shame
22%
won't
22%
your're
22%
banished
20%
sold
20%
took
20%
listen
17%
own
15%
punished
15%
ran
15%
Aucun quiz correspondant
Distribution des résultats
% des personnes avec chaque résultat
Percentile par nombre de réponses
Votre historique - résultats
Vous n’avez pas pris ce quiz